<?xml version="1.0" encoding="UTF-8"?><?xml-stylesheet type="text/xsl" href="static/style.xsl"?><OAI-PMH xmlns="http://www.openarchives.org/OAI/2.0/" xmlns:xsi="http://www.w3.org/2001/XMLSchema-instance" xsi:schemaLocation="http://www.openarchives.org/OAI/2.0/ http://www.openarchives.org/OAI/2.0/OAI-PMH.xsd"><responseDate>2026-04-18T04:24:22Z</responseDate><request verb="GetRecord" identifier="oai:www.recercat.cat:10459.1/468312" metadataPrefix="marc">https://recercat.cat/oai/request</request><GetRecord><record><header><identifier>oai:recercat.cat:10459.1/468312</identifier><datestamp>2025-09-15T18:10:57Z</datestamp><setSpec>com_2072_3622</setSpec><setSpec>col_2072_479130</setSpec></header><metadata><record xmlns="http://www.loc.gov/MARC21/slim" xmlns:dcterms="http://purl.org/dc/terms/" xmlns:xsi="http://www.w3.org/2001/XMLSchema-instance" xmlns:doc="http://www.lyncode.com/xoai" xsi:schemaLocation="http://www.loc.gov/MARC21/slim http://www.loc.gov/standards/marcxml/schema/MARC21slim.xsd">
   <leader>00925njm 22002777a 4500</leader>
   <datafield ind2=" " ind1=" " tag="042">
      <subfield code="a">dc</subfield>
   </datafield>
   <datafield ind2=" " ind1=" " tag="720">
      <subfield code="a">Paül i Agustí, Daniel</subfield>
      <subfield code="e">author</subfield>
   </datafield>
   <datafield ind2=" " ind1=" " tag="260">
      <subfield code="c">2025</subfield>
   </datafield>
   <datafield ind2=" " ind1=" " tag="520">
      <subfield code="a">The analysis of the spatial location of tourists is essential for effective tourism management. This study explores the potential effects of large language models (LLMs) on urban travel planning. Despite growing academic interest in LLMs, empirical research on their specific impact on urban tourist locations remains limited, even though these models may significantly affect tourist behavior and spatial dynamics. This article compares the location of heritage sites in the city of Barcelona that are traditionally visited by tourists (as identified through Instagram) with those recommended by ChatGPT. The results show that ChatGPT tends to recommend a much smaller and more spatially concentrated number of tourist attractions than those shared on Instagram. The findings indicate that ChatGPT reinforces mainstream representations of cities by prioritizing well-known landmarks, potentially overlooking emerging or local attractions. This simplification can lead to tourist overcrowding and the marginalization of less-visited areas. Likewise, it may entail new needs for the management of urban spaces. Urban planners and tourism managers may need to intervene to redistribute tourist flows in a context where various models of tourist behavior will coexist.</subfield>
   </datafield>
   <datafield ind2=" " ind1=" " tag="520">
      <subfield code="a">This research was funded by the Departament de Recerca i Universitats de la Generalitat de Catalunya, grant number 2021 SGR 01369 and the Agencia Española de Investigación, grant number PID2021-123063NB-I00.</subfield>
   </datafield>
   <datafield tag="653" ind2=" " ind1=" ">
      <subfield code="a">Spatial analyst</subfield>
   </datafield>
   <datafield tag="653" ind2=" " ind1=" ">
      <subfield code="a">Image gaps</subfield>
   </datafield>
   <datafield tag="653" ind2=" " ind1=" ">
      <subfield code="a">Tourist destinations</subfield>
   </datafield>
   <datafield tag="653" ind2=" " ind1=" ">
      <subfield code="a">ChatGPT</subfield>
   </datafield>
   <datafield tag="653" ind2=" " ind1=" ">
      <subfield code="a">Instagram</subfield>
   </datafield>
   <datafield tag="653" ind2=" " ind1=" ">
      <subfield code="a">Barcelona</subfield>
   </datafield>
   <datafield ind2="0" ind1="0" tag="245">
      <subfield code="a">The Concentrated City: Effects of AI-Generated Travel Advice on  the Spatial Distribution of Tourists</subfield>
   </datafield>
</record></metadata></record></GetRecord></OAI-PMH>